000 00377pab a2200157 454500
008 180718b1978 xxu||||| |||| 00| 0 eng d
100 _aDattatri, G.
245 _aRole of small industries in the economy of Madras
260 _c1978
300 _ap.83-90.
362 _aOct-Dec
650 _aSmall scale industry
773 _aNagarlok
908 _aN
909 _a102242
999 _c102240
_d102240